|
|
|
|
| LEADER |
01126nam a22002537a 4500 |
| 001 |
40171 |
| 003 |
BD-DhAAL |
| 008 |
221212t2012 bg ||||| |||| 00| 0 ben d |
| 999 |
|
|
|c 45161
|d 45161
|
| 020 |
|
|
|a 9847050001198
|
| 040 |
|
|
|a BD-DhAAL
|c BD-DhAAL
|
| 041 |
|
|
|a ben
|
| 082 |
|
|
|a 398.22095492
|2 23
|
| 245 |
|
|
|a সন্দ্বীপে শত ব্যক্তিত্ব /
|c আবুল কাসেম হায়দার সম্পাদিত.
|
| 246 |
|
|
|a Sandwiper shoto baktittoo
|
| 260 |
|
|
|a ঢাকা :
|b লেখালেখি,
|c ২০১২.
|
| 300 |
|
|
|a ২৮৬ পৃষ্ঠা ;
|c ২২ সে.মি.
|
| 541 |
|
|
|a Donated By Akbar Ali Khan
|e 40171
|
| 650 |
|
|
|a Legends
|z Bangladesh (Sandwip).
|9 52804
|
| 650 |
|
|
|a Tales
|z Bangladesh (Sandwip).
|9 52805
|
| 700 |
|
|
|a হায়দার, আবুল কাসেম
|9 52806
|
| 852 |
|
|
|a Ayesha Abed Library
|c Akbar Ali Khan Collection
|
| 942 |
|
|
|2 ddc
|c BK
|
| 952 |
|
|
|0 0
|1 0
|2 ddc
|4 0
|6 398_220954920000000_SAN
|7 1
|9 72467
|a BRACUL
|b BRACUL
|c AAKC
|d 2022-12-12
|e Donated by Akbar Ali Khan
|g 500.00
|l 0
|o 398.22095492 SAN
|p 3010040171
|r 2022-12-12
|t 1
|w 2022-12-12
|y BK
|